| 000 | 01032nam a22002537a 4500 | ||
|---|---|---|---|
| 005 | 20121204151232.0 | ||
| 008 | 121204t xxu||||| |||| 00| 0 eng d | ||
| 010 | _aENG-106341 | ||
| 020 |
_a9781259005954 _c595.00 |
||
| 020 |
_a125900595x _c595.00 |
||
| 035 | _aEN-89874 | ||
| 037 | _bDBAD/PUB | ||
| 040 |
_aDPL _bENG |
||
| 082 | _a005.74 | ||
| 100 |
_aShrivastava, Rishi Kumar _927320 |
||
| 245 |
_aSiebel CRM 8.1 : _cby Rishi Kumar Shrivastava _bnavigation and configuration / |
||
| 260 |
_aNew Delhi _bTata McGraw-Hill _c2012 |
||
| 270 |
_a7, West Patel Nagar _bNew Delhi _e110008 |
||
| 300 |
_axvi,252p. _c24cm(pbk) |
||
| 500 | _aIncludes index. | ||
| 942 |
_2ddc _cEN _mSHR _h005.74 |
||
| 999 |
_c71841 _d71841 |
||